Tilastot visalle Afrikan 10 suurinta taloutta

Klikkaa tästä pelataksesi tätä visaa!

Yleistilastot

  • Tätä visaa on pelattu 165 kertaa
  • Keskiarvotulos 8 / 10

Vastaustilastot

BKTValtio% Oikein
809 mrd.Etelä-Afrikka
100%
1496 mrd.Egypti
98%
691 mrd.Algeria
90%
1233 mrd.Nigeria
86%
210 mrd.Kenia
85%
339 mrd.Marokko
84%
269 mrd.Etiopia
84%
212 mrd.Tansania
81%
209 mrd.Angola
69%
226 mrd.Ghana
57%

Tulosjakauma

Persentiili vastausten määrän mukaan

Jokaisen tuloksen saaneiden osuus

Tuloshistoriasi

Et ole pelannut tätä visaa